Team Braqueurs Casa De Papel - Statistiques

Statistiques générales
  • Ce quiz a été pris 483 fois
  • Le résultat moyen est 14 sur 17
Statistiques - réponses
Personnages % Correct
Tokyo
99%
Berlin
97%
Rio
97%
Nairobi
96%
Helsinki
95%
Denver
94%
Oslo
93%
Le Professeur
92%
Moscou
92%
Lisbonne/Raquel
90%
Stockholm/Monica
85%
Marseille
84%
Palerme
82%
Bogota
70%
Manille
64%
Matias
20%
Sofia
12%
Aucun quiz correspondant
Distribution des résultats
% des personnes avec chaque résultat
Percentile par nombre de réponses
Votre historique - résultats
Vous n’avez pas pris ce quiz